00590nam a2200217 i 4500001001100000003000500011005001700016008004100033040002500074082001200099090001700111245004300128264007000171300001000241336002100251337002500272338002300297650002300320942001000343999001900353C2-0296305PPAK20180728074653.0090416s2004 my |||| ||||| | zxx d aPPAKbengcPPAKerda04a33022300a330bEKOdKK00aEkonomi (Keratan Akhbar Koleksi Kedah) 1aAlor Setar, Kedah : bPerbadanan Perpustakaan Awam Kedah , c2004 c33 cm 2rdacontentatext 2rdamediaaunmediated 2rdacarrieravolume10aEconomy - Malaysia ddccB c100767d100767